Testing Web security : assessing the security of Web sites and applications

সংরক্ষণ করুন:
গ্রন্থ-পঞ্জীর বিবরন
প্রধান লেখক: Splaine, Steven
বিন্যাস: গ্রন্থ
ভাষা:Undetermined
প্রকাশিত: Indianapolis, Ind. Wiley Publishing c2002
বিষয়গুলি:
ট্যাগগুলো: ট্যাগ যুক্ত করুন
কোনো ট্যাগ নেই, প্রথমজন হিসাবে ট্যাগ করুন!
Thư viện lưu trữ: Trung tâm Học liệu Trường Đại học Cần Thơ
LEADER 00648nam a2200217Ia 4500
001 CTU_129368
008 210402s9999 xx 000 0 und d
020 |c 725000 
082 |a 005.8 
082 |b S754 
100 |a Splaine, Steven 
245 0 |a Testing Web security : 
245 0 |b assessing the security of Web sites and applications 
245 0 |c Steven Splaine 
260 |a Indianapolis, Ind. 
260 |b Wiley Publishing 
260 |c c2002 
650 |a Web sites,World Wide Web,Web sites 
650 |x Security measures,Security measures,Testing 
904 |i Nguyên 
980 |a Trung tâm Học liệu Trường Đại học Cần Thơ